E-planning has arrived - it's official! (Record no. 74960)

MARC details
000 -LEADER
fixed length control field 01338cam a2200217 4500
001 - CONTROL NUMBER
control field ABS68854
008 - FIXED-LENGTH DATA ELEMENTS--GENERAL INFORMATION
fixed length control field 111024s2005 000 0 eng u
035 ## - SYSTEM CONTROL NUMBER
System control number (Sirsi) u129123
100 ## - MAIN ENTRY--PERSONAL NAME
Personal name Gallagher, B
245 ## - TITLE STATEMENT
Title E-planning has arrived - it's official!
260 ## - PUBLICATION, DISTRIBUTION, ETC.
Date of publication, distribution, etc. 2005
490 ## - SERIES STATEMENT
Series statement Scottish Planner
Volume/sequential designation (103) February 2005 9(1)
520 ## - SUMMARY, ETC.
Summary, etc. Examines "Planning advice note 70: electronic planning service delivery" (PAN 70), also known as the e-PAN, issued in November 2004, which is part of the Scottish Executive's range of actions to promote e-planning in Scottish planning authorities within the wider context of the Executive's e-government strategy. The e-PAN aims to identify how new technology can improve the delivery of the planning service by providing services electronically and describes the range of matters that can usefully be handled electronically and included on planning websites. It also seeks consistency in planning websites. The article also lists the Executive's other current measures directly related to e-planning. View PAN 70 and the Executive's e-planning pages at www.scotland.gov.uk.
590 ## - LOCAL NOTE (RLIN)
Local note ABS
650 ## - SUBJECT ADDED ENTRY--TOPICAL TERM
Topical term or geographic name entry element EPLANNING
650 ## - SUBJECT ADDED ENTRY--TOPICAL TERM
Topical term or geographic name entry element SCOTLAND
650 ## - SUBJECT ADDED ENTRY--TOPICAL TERM
Topical term or geographic name entry element PLANNING SYSTEM
650 ## - SUBJECT ADDED ENTRY--TOPICAL TERM
Topical term or geographic name entry element PAN70
690 ## - LOCAL SUBJECT ADDED ENTRY--TOPICAL TERM (OCLC, RLIN)
Topical term or geographic name as entry element ENVIRONMENTAL AND LAND CONSULTANCY-PLANNING AND DEVELOPMENT
942 ## - ADDED ENTRY ELEMENTS (KOHA)
Suppress in OPAC 0
Holdings
Withdrawn status Lost status Source of classification or shelving scheme Damaged status Not for loan Home library Current library Shelving location Date acquired Total Checkouts Full call number Barcode Date last seen Copy number Price effective from Koha item type
    Dewey Decimal Classification     London London Journal article 22/03/2005   ABS68854 129123-1001 06/08/2019 1 06/08/2019 Journal article